Quizzes
Events
Quiz Creation
Community
Videos
Private Events
Remove Ads
Sign In
Join for FREE
Feedback
Dark Mode
Quiz Categories
Sports
Geography
Music
Movies
Television
Just For Fun
Miscellaneous
History
Literature
Language
Science
Gaming
Entertainment
Religion
Holiday
For Kids
Quiz Lab
Recent
Popular Today
Quiz Kudos Today
Editor Picks
Curator Picks
Quizzes by...
Day
Popularity
Type
Ratings
Length
Year
Community
Subscriptions
Recent Discussions
Orange Saloon
Badges
Playlists
Quests
Create
Leaderboards
Showdown
Live 5
Trivia Bingo
Activity
Puzzle Library
Sporcle Events
Private Events
Virtual Trivia
Globe League
Become a Host
Pub Owners
SporcleCon
Opinionation
Our Games
Videos
Blog
Mobile Apps
Partnerships
Remove Ads and Go Orange
Feedback
Sports
Athletes
MLB
NBA
NHL
NFL
Soccer
Sports Teams
WWE
NCAA
Football
Premier League
Basketball
Baseball
Hockey
Golf
Tennis
Cricket
Rugby
Auto Racing
Olympics
World Cup
Sports
Athletes
MLB
NBA
NHL
NFL
Soccer
Sports Teams
WWE
NCAA
Football
Premier League
Basketball
Baseball
Hockey
Golf
Tennis
Cricket
Rugby
Auto Racing
Olympics
World Cup
Random Quiz
Search Sporcle
×
Quiz Lab
Quiz Lab
Sports
College
Type in answers that appear in a list
Type in answers that appear in a list
Classic
Best Score? Go Orange.
First Round Offensive Linemen(2000-2010) Stats
Can you name the First Round Offensive Linemen(2000-2010)?
By
nymetsjets17
5m
49 Questions
114 Plays
114 Plays
114 Plays
Comments
Comments
Give Quiz Kudos
Give Quiz Kudos
-
- Ratings
hide this ad
Replay
Link that replays current quiz
Next Quiz
Link to next quiz in quiz playlist
You Got
0%
They Got
Avg Score
44%
Avg Friend Score
Upgrade to see
Score Distribution
Jump to the score distribution portion of the page
Score
0/49
Timer
05:00
0
Plays Today
Year
Player
% Correct
2008
Jake Long
83.3%
2002
Mike Williams
82.5%
2010
Trent Williams
82.5%
2008
Chris Williams
81.6%
2009
Jason Smith
78.9%
2009
Andre Smith
78.9%
2007
Joe Thomas
73.7%
2010
Maurkice Pouncey
70.2%
2009
Michael Oher
67.5%
2001
Leonard Davis
65.8%
2010
Anthony Davis
65.8%
2006
D'Brickashaw Ferguson
63.2%
2010
Russell Okung
63.2%
2008
Ryan Clady
59.6%
2010
Brian Bulaga
59.6%
2005
Jammal Brown
57.9%
2007
Levi Brown
57.9%
2008
Duane Brown
57.9%
2006
Nick Mangold
54.4%
2002
Levi Jones
53.5%
2004
Robert Gallery
50%
2010
Mike Iupati
48.2%
2002
Bryant McKinnie
45.6%
2005
Logan Mankins
45.6%
2009
Eugene Monroe
45.6%
Year
Player
% Correct
2009
Alex Mack
43.9%
2000
Chris Samuels
41.2%
2007
Joe Staley
40.4%
2001
Steve Hutchinson
37.7%
2003
Jordan Gross
37.7%
2008
Sam Baker
37.7%
2008
Gosder Cherilus
36.8%
2008
Jeff Otah
36.8%
2009
Eric Wood
34.2%
2007
Ben Grubbs
32.5%
2008
Branden Albert
32.5%
2004
Shawn Andrews
25.4%
2004
Vernon Carey
23.7%
2001
Jeff Backus
21.9%
2003
Jeff Faine
18.4%
2003
Kwame Harris
16.7%
2005
Alex Barron
15.8%
2006
Davin Joseph
15.8%
2005
Chris Spencer
13.2%
2001
Kenyatta Walker
10.5%
2002
Kendall Simmons
6.1%
2000
Stockar McDougal
5.3%
2000
Chris McIntosh
5.3%
2003
George Foster
5.3%
Quiz Playlist
Details
Report
Send in Message
Add To Playlist
Classic:
Type in answers that appear in a list
Last Updated: Feb 16, 2017
Quiz Scoreboard
CHALLENGE
Sign Up to Join the Scoreboard
Show All
Scores
Hide
Comments
May contain spoilers
Recently Published
An Introduction to Baseball
by treessimontrees
Sports
5m
Movies - When Are They Set?
by FPL_Elf
Movies
5m
Popular People in 1961
by mucciniale
History
6m
More to Explore
Quiz From the Vault
Featured Blog Post
Where Did the Easter Bunny Come From?
hide this ad
You Might Also Like...
Tags
College Quiz
1st Round
2000s
linemen
Offensive
Player
round
Today's Top Quizzes in Sports
Browse Sports
hide this ad
Today's Top Quizzes in College
Browse College
Top Contributed Quizzes in Sports
1
Les meilleurs buteurs des matchs entre le PSG et l’OM
2
2022 World Cup Stars
3
FIFA Club World Cup Champions
4
Les entraîneurs de l'OM et du PSG au 21e siècle
5
Name the Premier League winners with different clubs
6
La finale Lions - Afrique du Sud 2021
7
Criteria MLB: Left Handed Sluggers
8
Les joueurs passés par le LOSC et le RC Lens
9
Players with Multiple 50 Home Run Seasons
10
MLB Players with Two .350 Batting Average Seasons
Explore More
Trending Topics
Disney
NBA
Kpop
Anime
Crossword
Harry Potter
Marvel
Song
Puzzle
NFL
Country
Pokémon
Soccer
WWE
The Office
hide this ad
More By:
nymetsjets17
Quiz
Plays
Rating
Category
Featured
Created
New York Mets Opening Day Starting Pitchers
32,308
4.74
Sports
Oct 7, 2010
Multiple Major Winners (Golf)
924
3.67
Sports
Apr 15, 2011
New York Rangers Challenge
729
3.67
Sports
Jan 5, 2011
400 Home Run Club
631
2.50
Sports
Nov 7, 2010
400+ HRs, .300 Avg, Less than 100 Ks
491
4.50
Sports
Sep 29, 2010
Go to Creator's Profile
Score Distribution
Quiz Creator Spotlight
nymetsjets17
Follow
Send a Message
Quizzes Created
-
Created Quiz Play Count
-
More By This Creator
Popular Quizzes Today
1
Find the Countries of Europe - No Outlines Minefield
2
Find the US States - No Outlines Minefield
3
The Countries of the World
4
Popular People in 1961
5
US States
6
1-10 Letter E Words III
7
Find the US States
8
One Thing in Common: World Cities II
More Sports Quizzes
Hall of WWE Champions
Quiz Lab
Trending Quizzes
Risky Map Clicking: Least Populous States A-Z
1-10 Letter F Words
1-10 Letter G Words
One Thing in Common: United Kingdom
Risky Map Clicking: Next State Alphabetically
Recently Updated
Leaping Animals
pecheneg
Reality TV Shows (A-Z)
bhenderson79
Rickey Henderson's Hall of Fame Teammates
pecheneg
Champions League XIs: Arsenal
pecheneg
Quick Pick: Celebrities in WWE's Hall of Fame
aduchscher
A-Z Keypad Blitz II
pecheneg
Multiple Oscar Actors
pecheneg
Mystery Phrase Blitz: Oscar 'Best Actors'
pecheneg
F. Scott Fitzgerald Novels
LTH
Pick 3 Villains
ddd62291
Trending Topics
Kpop
Crossword
Harry Potter
Disney
Marvel
NBA
Anime
WWE
Soccer
Pokémon
NFL
Puzzle
Song
Country
The Office
Your Account Isn't Verified!
In order to create a playlist on Sporcle, you need to verify the email address you used during registration. Go to your
Sporcle Settings
to finish the process.
Report this User
Report this user for behavior that violates our
Community Guidelines
.
Details:
Send Report
Go to the Sporcle.com Mobile Site →
Comments